Kresby z Číny

Bibliographic Details
Format: Book
Language:Slovak
PhysicalDescription:nestránkované ilustrácie
Published: Bratislava Povereníctvo školstva a kultry 1957
Subjects:

MARC

LEADER 00000cam a2200000 a 4500
001 vtls001346829
003 SK-MaSNL
005 20260301220511.0
008 240226s1957 xo a g 000 0 slo
020 |q (brožované) 
035 |a SNK000300076 
035 |a urn:nbn:sk:snk-am3i6gd 
035 |a D6C6A117-C3E6-46C0-A4BF-F7534B28B380 
035 |a urn:nbn:sk:snk-am00dlrd 
040 |a SNK  |b slo  |c SNK  |e AACR2 
041 0 |a slo 
044 |a xo  |c SK 
080 |a 75.071.1  |2 2011 
080 |a (083.824)  |2 2011 
245 0 0 |a Kresby z Číny 
260 |a Bratislava  |b Povereníctvo školstva a kultry  |c 1957 
300 |a nestránkované  |b ilustrácie 
600 1 7 |a Hollý, Anton,  |d 1915-1989  |2 SNKMA  |9 121867 
650 0 7 |a maliari  |2 SNKPH  |9 3150 
650 0 7 |a Painters  |2 SNKPHeng  |9 99679 
655 7 |a katalógy výstav  |2 SNKPH  |9 70445 
655 7 |a Exhibition catalogs  |2 SNKPHeng  |9 266232 
852 |a Slovenská národná knižnica 
954 |a odborná, vedecká literatúra pôvodná (slovenská)  |2 lita 
958 |a OND 
958 |a EUIPO 
999 |c 932017  |d 933947 
952 |t P60, <03>, [BOOK], {603}  |a SNK  |b SNK  |y PREZ  |7 0  |p 17A0167868  |o snkSC 10823  |i snkKSP 3053/57  |0 0  |1 0  |4 0  |d 1998-10-29  |f 1  |l 0  |r 2025-07-11 00:00:00  |w 2026-02-24